[Event "ISR-chT 2019"]
[Site "Israel"]
[Date "2019.02.08"]
[Round "3.23"]
[White "Rozentalis, Eduardas"]
[Black "Drori, Saar"]
[Result "1-0"]
[WhiteElo "2526"]
[BlackElo "2386"]
[Annotator "RC"]
[PlyCount "145"]
[EventDate "2019.01.04"]
[EventType "team-tourn"]
[EventCountry "ISR"]
[SourceTitle "playchess.com"]
[Source "ChessBase"]
[SourceQuality "1"]
[TimeControl "40/5400+30:1800+30"]

1. e4 {[%emt 0:00:00]} c5 {[%emt 0:00:00]} 2. Nf3 {[%emt 0:00:00]} d6 {[%emt 0:00:00]} 3. Bb5+ {[%emt 0:00:25]} Nd7 {[%emt 0:00:02]} 4. Ba4 {[%emt 0:02:14]} Ngf6 {[%emt 0:04:09]} 5. O-O {[%emt 0:00:39]} Nxe4 {[%emt 0:15:42]} 6. Re1 {[%emt 0:01:00]} d5 {[%emt 0:10:53]} 7. c4 {[%emt 0:03:25]} Nef6 {[%emt 0:16:00]} 8. cxd5 {[%emt 0:01:50]} Nxd5 {[%emt 0:07:08]} 9. d4 {[%emt 0:00:30]} N5b6 {[%emt 0:09:40]} 10. dxc5 {[%emt 0:03:43]} Nxa4 {[%emt 0:00:07]} 11. Qxa4 {[%emt 0:00:04]} e6 {[%emt 0:03:23]} 12. Be3 {[%emt 0:08:52]} Be7 {[%emt 0:05:14]} 13. Nc3 {[%emt 0:06:04]} O-O {[%emt 0:00:56]} 14. Rad1 {[%emt 0:00:06]} Qe8 {[%emt 0:06:26]} 15. b4 {[%emt 0:02:40]} a6 {[%emt 0:09:30]} 16. Bf4 {[%emt 0:03:50]} Nf6 {[%emt 0:04:23]} 17. Qxe8 {[%emt 0:14:52]} Rxe8 {[%emt 0:00:02]} 18. Bd6 {[%emt 0:05:21]} Bd8 {[%emt 0:01:00]} 19. Ne5 {[%emt 0:02:33]} Nd7 {[%emt 0:01:23]} 20. Nc4 {[%emt 0:02:18]} b5 {[%emt 0:01:16]} 21. Ne5 {[%emt 0:13:07]} Nxe5 {[%emt 0:00:54]} 22. Bxe5 {[%emt 0:00:12]} Bb7 {[%emt 0:01:05]} 23. Ne4 {[%emt 0:00:44]} Bc6 {[%emt 0:00:31]} 24. a3 {[%emt 0:03:12]} Be7 {[%emt 0:00:42]} 25. Bd6 {[%emt 0:00:55]} Bd8 {[%emt 0:00:20]} 26. f3 {[%emt 0:01:33]} Rc8 {[%emt 0:00:28]} 27. Kf2 {[%emt 0:02:54]} f6 {[%emt 0:00:32]} 28. Bg3 {[%emt 0:04:56]} Be7 {[%emt 0:00:19]} 29. Nd6 {[%emt 0:00:05]} Bxd6 {[%emt 0:00:05]} 30. Rxd6 {[%emt 0:00:03]} Kf7 {[%emt 0:01:00]} 31. f4 {[%emt 0:01:20]} Re7 {[%emt 0:00:57]} 32. Bh4 {[%emt 0:01:22]} h6 {[%emt 0:00:45]} 33. g4 {[%emt 0:00:14]} Ree8 {[%emt 0:00:53]} 34. Bg3 {[%emt 0:02:54]} Re7 {[%emt 0:00:24]} 35. h4 {[%emt 0:00:26]} Ree8 {[%emt 0:00:16]} 36. g5 {[%emt 0:00:50]} h5 {[%emt 0:00:48]} 37. f5 {[%emt 0:02:48]} e5 {[%emt 0:00:05]} 38. Ke3 {[%emt 0:02:16]} Red8 {[%emt 0:00:36]} 39. Red1 {[%emt 0:00:28]} Rxd6 {[%emt 0:00:47]} 40. Rxd6 {[%emt 0:00:08]} Ke7 {[%emt 0:00:12]} 41. Be1 {[%emt 0:32:35]} Rc7 {[%emt 0:05:40]} 42. Bc3 {[%emt 0:00:00]} Rc8 {[%emt 0:02:54]} 43. Bd2 {[%emt 0:00:00]} Rc7 {[%emt 0:01:12]} 44. Kf2 {[%emt 0:00:00]} Bb7 {[%emt 0:02:58]} 45. Re6+ {[%emt 0:00:00]} Kf7 {[%emt 0:00:10]} 46. Rb6 {[%emt 0:00:00]} Bc8 {[%emt 0:01:35]} 47. Be3 {[%emt 0:00:00]} Bxf5 {[%emt 0:01:58]} 48. Rxa6 {[%emt 0:00:00]} Bd7 {[%emt 0:00:19]} 49. Rb6 {[%emt 0:00:00]} Ke7 {[%emt 0:07:49]} 50. gxf6+ {[%emt 0:00:00]} gxf6 {[%emt 0:01:44]} 51. a4 {[%emt 0:00:29]} bxa4 {[%emt 0:04:18]} 52. b5 {[%emt 0:00:07]} a3 {[%emt 0:02:44]} 53. c6 {[%emt 0:00:04]} a2 {[%emt 0:01:47]} 54. Ra6 {[%emt 0:01:59]} Be6 {[%emt 0:00:29]} 55. Bc5+ {[%emt 0:00:46]} Kf7 {[%emt 0:00:17]} 56. Bd6 {[%emt 0:03:33]} Rc8 {[%emt 0:00:14]} 57. Ra7+ {[%emt 0:01:21]} Kg6 {[%emt 0:02:38]} 58. b6 {[%emt 0:01:08]} Rxc6 {[%emt 0:00:39]} 59. b7 {[%emt 0:00:03]} Rc2+ {[%emt 0:00:27]} 60. Ke3 {[%emt 0:00:36]} Rc3+ {[%emt 0:00:40]} 61. Kd2 {[%emt 0:00:24]} Rb3 {[%emt 0:00:23]} 62. b8=Q {[%emt 0:00:09]} Rxb8 {[%emt 0:00:03]} 63. Bxb8 {[%emt 0:00:06]} Kf5 {[%emt 0:00:06]} 64. Bc7 {[%emt 0:02:40]} Kg4 {[%emt 0:00:56]} 65. Bd8 {[%emt 0:00:17]} f5 {[%emt 0:00:37]} 66. Bf6 {[%emt 0:00:28]} Kf4 {[%emt 0:00:49]} 67. Ke2 {[%emt 0:00:58]} Bc4+ {[%emt 0:00:24]} 68. Kf2 {[%emt 0:00:06]} e4 {[%emt 0:00:12]} 69. Bg5+ {[%emt 0:01:48]} Kg4 {[%emt 0:00:01]} 70. Ke3 {[%emt 0:00:07]} Bd5 {[%emt 0:00:03]} 71. Rg7 {[%emt 0:00:43]} Be6 {[%emt 0:00:52]} 72. Bf6+ {[%emt 0:00:07]} Kh3 {[%emt 0:00:03]} 73. Kf4 {[%emt 0:00:33]} 1-0

[Event "ISR-chT 2019"]
[Site "Israel"]
[Date "2019.02.08"]
[Round "3.24"]
[White "Bitensky, Igor"]
[Black "Gorshtein, Ido"]
[Result "1/2-1/2"]
[WhiteElo "2373"]
[BlackElo "2380"]
[Annotator "TA"]
[PlyCount "174"]
[EventDate "2019.01.04"]
[EventType "team-tourn"]
[EventCountry "ISR"]
[SourceTitle "playchess.com"]
[Source "ChessBase"]
[SourceQuality "1"]

{[%evp 9,174,25,38,19,35,27,22,21,32,46,47,6,26,-5,41,0,0,0,0,0,0,0,0,-131,-72,-88,-85,-78,-16,-16,0,0,-3,0,0,-42,-25,-18,-19,-26,-33,-36,-36,-41,-37,-50,-44,-81,-75,-83,-72,-139,-140,-139,-152,-152,-147,-139,-137,-172,-163,-153,-163,-204,-149,-141,-143,-146,-150,-168,-161,-177,-164,-190,-188,-183,-176,-165,-158,-215,-209,-210,-195,-208,-193,-554,-527,-552,-560,-553,-556,-552,-523,-883,-892,-787,-620,-771,-720,-1295,-1312,-2950,-2896,-2026,-1447,-4807,-4636,-4572,-4000,-2052,-695,-2193,-2137,-3606,-4296,-5800,-1208,-29966,-2043,-3156,-2705,-7110,-6931,-6931,-6501,-6215,-5724,-29963,-7055,-29967,-29967,-6629,-8977,-29975,-29976,-29976,-29976,-6260,-5669,-5339,-5125,-3966,-897,-897,-882,-882,-841,-719,0,0,0,-419,0,0,0,0,0,0,0,0,0,0,0,0,0,0,0]} 1. e4 c6 2. d4 d5 3. e5 Bf5 4. h4 Qb6 5. a4 a5 (5... h6 6. a5 Qc7 7. g4 Bd7 8. b4 h5 9. gxh5 Bf5 10. Be3 e6 11. Nd2 Bxb4 12. a6 Nxa6 13. Bxa6 bxa6 {0-1 (63) Petrov,N (2593)-Mchedlishvili,M (2610) St Petersburg 2018}) 6. Ne2 {B12: Caro-Kann: Advance Variation} h6 7. Ra3 $146 ({Predecessor:} 7. Ng3 Bd7 8. c4 Na6 9. Nc3 Nb4 10. cxd5 Qxd4 11. Qxd4 Nc2+ 12. Kd1 Nxd4 {1-0 (51) Potapov,P (2492)-Yandarbiev,R (2368) Moscow 2016}) 7... e6 8. Rb3 Qc7 9. Ng3 Bh7 10. Na3 Nd7 11. Be2 Ne7 12. c4 dxc4 13. Nxc4 Nd5 14. O-O Nb4 {Hoping for ...Bc2.} 15. Qd2 Nb6 16. f4 (16. Qf4 $11 {remains equal.}) 16... Nxc4 (16... O-O-O $142 17. Nxb6+ (17. Nxa5 Nxa4 18. Rxb4 Qxa5 $17) 17... Qxb6) 17. Bxc4 $17 O-O-O $1 18. Qf2 c5 (18... Be7 $17 19. Ne2 Kb8) 19. dxc5 $11 Bxc5 20. Be3 Bxe3 21. Qxe3 Kb8 ({Not} 21... Qxc4 $2 22. Rc3 $18) 22. Be2 Nc2 23. Qc3 Nd4 $36 {[%mdl 2048] White is under pressure.} 24. Qxc7+ $1 Kxc7 25. Rc3+ Kb8 26. Bh5 Rd7 27. Rfc1 Rhd8 28. Kh2 Nc6 29. Rc5 Bd3 30. R1c3 (30. Rd1 $142) 30... Nb4 $1 $17 {White must now prevent ...b6.} 31. Rb3 b6 32. Rc1 g6 $1 {[%cal Rg6h5]} 33. Bf3 Rd4 34. h5 Rxf4 35. hxg6 fxg6 36. Nh1 Rfd4 37. Nf2 Bc4 38. Rbc3 Bd5 39. Bxd5 R4xd5 40. Rg3 g5 41. Rh3 Rxe5 42. Rxh6 Re2 43. Nh3 Nd3 44. Rd1 (44. Rc6 $17 {was necessary.}) 44... Rd5 $19 ({Resist} 44... Rxb2 45. Nxg5 Rg8 46. Rxd3 $17) 45. Rf1 Kc7 46. Rg6 Ne1 47. Nxg5 $2 (47. Rf2 {is tougher.} Rdd2 48. Kg1) 47... Rxg2+ {[%mdl 64] Double Attack} 48. Kh3 Rgxg5 ({Inferior is} 48... Rd3+ 49. Kh4 $11) 49. Rxg5 Rxg5 50. Rxe1 {[%mdl 4096] Endgame KR-KR} Kd6 51. Rd1+ Rd5 52. Rc1 Rd3+ 53. Kg4 Rd4+ 54. Kf3 Rxa4 55. Ke3 Rb4 56. Rc2 e5 57. Kd3 Kd5 58. Rh2 Rb3+ 59. Kc2 Rg3 (59... a4 $142 60. Rd2+ Ke4) 60. Rh6 b5 61. Rb6 Rg2+ 62. Kb3 a4+ (62... Kc5 $142 63. Re6 a4+ 64. Ka3 Rg3+ 65. Ka2 Kd5) 63. Ka3 Kc5 (63... Rg3+ $142 64. Ka2 Rb3 65. Rh6 e4 66. Rg6 e3 67. Rg8 Kc4 68. Re8 Kd3 69. Re5 e2 70. Re6 Kd2 71. Rh6 e1=Q 72. Rh2+ Kd3 73. Rh3+ Kc4 74. Rh2 Qe4 75. Rh8 Qg2 76. Rh4+ Kd3 77. Rh3+ Qxh3 78. Ka1 Qg2 79. Kb1 Qxb2#) 64. Re6 Re2 65. b4+ Kd5 66. Rd6+ Ke4 67. Rd4+ Kf3 $1 68. Rf4+ Ke3 69. Rf3+ {[#]} Ke4 $1 70. Rf4+ {[#]} Kd3 $1 {( -> ...Ra2+!)} 71. Rd4+ Kc2 72. Rd5 Re3+ 73. Ka2 Kc3 74. Rxb5 Kc4 75. Rb8 e4 (75... a3 $142 76. b5 Kb4) 76. b5 a3 77. b6 Kb5 78. Ka1 Re1+ $2 ({Black should play} 78... Kc5 $19 79. Ka2 Kc6) 79. Ka2 $11 Re3 $2 {[%mdl 8192]} (79... e3 $11 80. b7 Kc6 81. Kxa3 Rh1) 80. Ka1 $1 $19 Kb4 $2 (80... Re2 $19 {And now ...Kc6 would win.} 81. b7 Kc6) 81. Rh8 $11 {The position is equal.} Re1+ 82. Ka2 Re2+ 83. Ka1 Kb3 {[%cal Re2e1]} 84. Rh1 Ra2+ 85. Kb1 {White threatens Rh3+ and mate.} Rb2+ 86. Ka1 Kc4 87. Rb1 Kd5 {Accuracy: White = 42%, Black = 69%.} 1/2-1/2

[Event "ISR-chT 2019"]
[Site "Israel"]
[Date "2019.02.08"]
[Round "3.25"]
[White "Zubov, Alexander"]
[Black "Zoler, Dan"]
[Result "1/2-1/2"]
[WhiteElo "2598"]
[BlackElo "2503"]
[Annotator "TA"]
[PlyCount "54"]
[EventDate "2019.01.04"]
[EventType "team-tourn"]
[EventCountry "ISR"]
[SourceTitle "playchess.com"]
[Source "ChessBase"]
[SourceQuality "1"]

{[%evp 18,54,19,10,18,2,14,3,45,31,36,38,34,28,31,8,47,52,66,64,46,47,47,47,60,64,54,53,53,54,71,31,21,25,66,66,72,58,67]} 1. d4 $146 ({Predecessor:} 1. c4 e6 2. d4 d5 3. Nf3 c6 4. e3 Nf6 5. b3 Nbd7 6. Bd3 Bd6 7. Bb2 O-O 8. O-O b6 9. Nc3 {½-½ (41) Cvek,R (2540)-Stachowiak,K (2432) Czechia 2013}) 1... d5 2. c4 c6 3. Nc3 Nf6 4. e3 e6 5. b3 Nbd7 6. Bb2 b6 7. Nf3 Bb7 8. Bd3 Bd6 9. O-O O-O 10. Rc1 ({Predecessor:} 10. Qe2 Qe7 {½-½ (41) Cvek,R (2540)-Stachowiak,K (2432) Czechia 2013}) 10... Qe7 {D46: Semi-Slav: 5 e3 Nbd7 6 Bd3, Black avoids the Meran} 11. Qe2 dxc4 ({Predecessor:} 11... Rfe8 12. Rfd1 Ba3 13. Bxa3 Qxa3 14. Rc2 Rad8 15. cxd5 exd5 {½-½ (41) Cvek,R (2540)-Stachowiak,K (2432) Czechia 2013}) 12. bxc4 e5 {[#] Strongly threatening ...e4.The position is equal.} 13. Qc2 Rfe8 {And now ...e4 would win.} 14. Ne4 Nxe4 15. Bxe4 g6 {aiming for ...exd4.} 16. c5 bxc5 17. dxe5 Nxe5 18. Nxe5 Bxe5 19. Bxe5 Qxe5 20. Bf3 Ba6 21. Rfe1 Rab8 22. Qxc5 Qxc5 23. Rxc5 Rb2 24. Ra5 Bc4 25. Rxa7 Bxa2 26. Bxc6 Rc8 27. Be4 Rd8 {Accuracy: White = 58%, Black = 45%.} 1/2-1/2

[Event "ISR-chT 2019"]
[Site "Israel"]
[Date "2019.02.08"]
[Round "3.26"]
[White "Bakalchuk, Johnatan"]
[Black "Flom, Gabriel"]
[Result "1-0"]
[WhiteElo "2456"]
[BlackElo "2467"]
[Annotator "ChessBase"]
[PlyCount "65"]
[EventDate "2019.01.04"]
[EventType "team-tourn"]
[EventCountry "ISR"]
[SourceTitle "playchess.com"]
[Source "ChessBase"]
[SourceQuality "1"]
[TimeControl "40/5400+30:1800+30"]

1. e4 {[%emt 0:00:00]} e6 {[%emt 0:00:00]} 2. d4 {[%emt 0:00:00]} d5 {[%emt 0:00:00]} 3. Nc3 {[%emt 0:00:04]} Bb4 {[%emt 0:00:00]} 4. e5 {[%emt 0:00:08]} c5 {[%emt 0:00:00]} 5. Bd2 {[%emt 0:00:32]} Nh6 {[%emt 0:01:16]} 6. a3 {[%emt 0:00:50]} Bxc3 {[%emt 0:00:14]} 7. Bxc3 {[%emt 0:00:02]} b6 {[%emt 0:10:29]} 8. Bb5+ {[%emt 0:03:02]} Bd7 {[%emt 0:01:13]} 9. Bd3 {[%emt 0:00:12]} Nc6 {[%emt 0:01:00]} 10. f4 {[%emt 0:00:42]} cxd4 {[%emt 0:04:10]} 11. Bd2 {[%emt 0:01:20]} f6 {[%emt 0:07:32]} 12. Nf3 {[%emt 0:08:00]} O-O {[%emt 0:05:18]} 13. O-O {[%emt 0:00:35]} fxe5 {[%emt 0:03:44]} 14. fxe5 {[%emt 0:02:05]} Nf5 {[%emt 0:00:56]} 15. Qe1 {[%emt 0:03:29]} h6 {[%emt 0:09:27]} 16. g4 {[%emt 0:02:14]} Ne3 {[%emt 0:04:19]} 17. Bxe3 {[%emt 0:00:06]} dxe3 {[%emt 0:00:01]} 18. Qxe3 {[%emt 0:00:14]} Qe7 {[%emt 0:06:04]} 19. b4 {[%emt 0:00:58]} g5 {[%emt 0:01:19]} 20. b5 {[%emt 0:07:00]} Na5 {[%emt 0:01:01]} 21. Nd4 {[%emt 0:05:23]} Rxf1+ {[%emt 0:02:53]} 22. Rxf1 {[%emt 0:00:16]} Rf8 {[%emt 0:00:01]} 23. h4 {[%emt 0:05:53]} Rxf1+ {[%emt 0:08:13]} 24. Kxf1 {[%emt 0:03:43]} Nb7 {[%emt 0:22:05]} 25. hxg5 {[%emt 0:03:04]} hxg5 {[%emt 0:03:29]} 26. Nf3 {[%emt 0:04:20]} Nc5 {[%emt 0:00:05]} 27. a4 {[%emt 0:04:06]} Nxa4 {[%emt 0:00:30]} 28. Nxg5 {[%emt 0:00:25]} Qf8+ {[%emt 0:03:58]} 29. Kg2 {[%emt 0:02:48]} Qb4 {[%emt 0:03:32]} 30. Kh3 {[%emt 0:03:37]} Bxb5 {[%emt 0:02:11]} 31. Qf3 {[%emt 0:04:14]} Bxd3 {[%emt 0:00:00]} 32. Qf7+ {[%emt 0:00:21]} Kh8 {[%emt 0:00:00]} 33. cxd3 {[%emt 0:00:32]} 1-0

[Event "ISR-chT 2019"]
[Site "Israel"]
[Date "2019.02.08"]
[Round "3.27"]
[White "Oratovsky, Michael"]
[Black "Caspi, Israel"]
[Result "0-1"]
[WhiteElo "2462"]
[BlackElo "2455"]
[Annotator "TA"]
[PlyCount "119"]
[EventDate "2019.01.04"]
[EventType "team-tourn"]
[EventCountry "ISR"]
[SourceTitle "playchess.com"]
[Source "ChessBase"]
[SourceQuality "1"]

{[%evp 18,119,18,19,24,10,18,20,10,11,6,12,13,0,17,8,34,21,19,20,17,27,31,21,34,26,30,11,23,18,15,13,3,5,10,0,19,24,45,16,23,0,0,0,0,0,39,-10,50,0,58,58,58,0,22,-74,-70,-106,-106,-111,-106,-112,-83,-112,-76,-163,-127,-119,0,-131,0,-112,-58,-70,0,-91,-95,-96,-95,-97,-93,-93,-20,-122,-14,-130,-130,-129,-129,-126,0,-479,-454,-683,-686,-615,-584,-877,-891,-961,-961,-1473,-1601,-1533]} 1. e4 e5 2. Bc4 Nf6 3. d3 c6 4. Nf3 Be7 5. O-O d6 6. Bb3 O-O 7. c3 Nbd7 8. Re1 Nc5 9. Bc2 Bg4 10. Nbd2 Ne6 {C24: Bishop's Opening: 2...Nf6} 11. h3 Bh5 12. Nf1 Nd7 {The position is equal.} 13. g4 Bg6 14. Ng3 Ng5 15. Kg2 (15. Bxg5 Bxg5 16. d4 Bf4 17. Ne2 Qf6 18. Kg2 exd4 19. Nfxd4 {1-0 (33) Carlsen,M (2840)-Wei,Y (2706) Wijk aan Zee 2017}) 15... Nxf3 16. Qxf3 Bg5 $146 17. Bxg5 Qxg5 18. Rad1 Rfe8 19. Qe3 Qxe3 20. Rxe3 Nc5 21. d4 Ne6 22. Ne2 a5 23. Bb3 Nf4+ 24. Kg3 a4 25. Bc2 Ne6 26. a3 exd4 27. Nxd4 Nc5 {[%cal Rc5e4]} 28. Rde1 f6 29. f4 Ra6 30. Bb1 Rb6 31. R3e2 Kf8 32. Kf3 Re7 (32... d5 $11) 33. h4 h6 ({Better is} 33... d5 $11) 34. h5 $14 Bh7 35. Rd1 d5 36. f5 (36. exd5 $11 {keeps the balance.} Rxe2 37. Nxe2 Bxb1 38. Rxb1) 36... Bg8 $17 37. Kf4 dxe4 {aiming for ...Bc4.} 38. Rdd2 {[%cal Rb1e4]} Bd5 39. Re3 Kf7 40. Kg3 Re5 41. Rc2 (41. Ne2 $17) 41... Ke8 42. Rd2 Kf7 (42... Ke7 $17 43. Kf4 Kf7) 43. Kf4 (43. Rc2 $1 $11) 43... Re7 44. Kg3 Bc4 (44... Rd7 $17) 45. Kf4 $15 {[%cal Rb1e4]} Bd3 {[#]} (45... Nd3+ $15 46. Bxd3 exd3) 46. Ba2+ (46. Ne6 $1 $11 {[%mdl 512]}) 46... Ke8 47. Bg8 Re5 48. Kg3 Ke7 49. Ba2 Nd7 (49... Kf8 $17) 50. Ne6 {[#]} (50. Kh4 $11 {remains equal.}) 50... Reb5 (50... Ra5 $1 $17) 51. Nf4 (51. Nd4 $1 $11 Rxb2 52. Rdxd3 Rxa2 53. Rxe4+ Ne5 54. Nf3) 51... Ne5 $17 52. Ng6+ Ke8 53. Nxe5 fxe5 ({Black should play} 53... Rxe5 $17 54. Kf4 Kf8) 54. Be6 $2 {[%mdl 8192]} (54. g5 $1 $11 {and White is okay.} Kf8 55. f6 hxg5 56. Rxe4 Rxb2 57. Rxd3 Rxa2 58. Rxe5 gxf6 59. Rd8+ Kf7 60. Rd7+ Kf8 61. Rd8+ Kf7 62. Rd7+ Kf8 63. Rd8+) 54... Rxb2 $19 {Black is clearly winning.} 55. Rdxd3 (55. Rxb2 $142 Rxb2 56. Re1) 55... exd3 56. Rxd3 {KRR-KRB} Rb1 57. Rd7 {[#]} R6b3 $1 58. Rd3 (58. Bxb3 Kxd7) 58... Rxa3 59. Kf3 Rc1 60. Rd7 {Accuracy: White = 42%, Black = 41%.} 0-1

[Event "ISR-chT 2019"]
[Site "Israel"]
[Date "2019.02.08"]
[Round "3.28"]
[White "Zifroni, Dov"]
[Black "Kantarji, Pinchas"]
[Result "1/2-1/2"]
[WhiteElo "2442"]
[BlackElo "2445"]
[Annotator "TA"]
[PlyCount "109"]
[EventDate "2019.01.04"]
[EventType "team-tourn"]
[EventCountry "ISR"]
[SourceTitle "playchess.com"]
[Source "ChessBase"]
[SourceQuality "1"]

{[%evp 18,109,23,22,25,19,16,8,16,10,56,37,52,58,55,45,201,72,75,81,125,33,26,40,28,18,25,25,102,109,147,147,157,154,161,152,149,102,102,102,114,101,116,91,147,118,97,72,72,59,59,74,60,58,83,42,42,39,40,44,75,0,24,0,0,0,0,0,0,0,0,0,0,0,0,0,0,0,0,0,0,0,0,0,0,0,0,0,0,0,0,0,93,172]} 1. d4 Nf6 2. c4 e6 3. Nf3 d5 4. g3 Be7 5. Bg2 O-O 6. O-O b6 7. cxd5 exd5 8. Nc3 Bb7 9. Bf4 Nbd7 10. Rc1 c6 {E18: Queen's Indian: Old Main Line (4 g3 Bb7 5 Bg2 Be7 6 0-0 0-0 7 Nc3)} 11. a3 (11. Qc2 Re8 12. Rfd1 Nf8 13. e4 dxe4 14. Ne5 Nd5 15. Nxe4 Ne6 16. Be3 Rc8 17. Qb3 Bf8 18. Nc3 Nxe3 19. fxe3 Rc7 20. Kh1 {1-0 (54) Dominguez Perez,L (2739)-Caruana,F (2807) Saint Louis 2017}) 11... Re8 12. Re1 Nh5 $146 {The position is equal.} ({Predecessor:} 12... a5 13. Ne5 Nxe5 14. Bxe5 Nd7 15. Bf4 f5 16. Qb3 Bf6 17. Nxd5 cxd5 18. Rc7 a4 19. Qb5 Ra5 20. Qxd7 Qxd7 21. Rxd7 {1-0 (50) Halkias,S (2571)-Sanal,V (2551) Riadh 2017}) 13. Bd2 Bf8 14. e4 dxe4 15. Nxe4 h6 16. Qc2 c5 $2 {[#]} (16... Nhf6 $14) 17. dxc5 (17. Neg5 $1 $18 {[%csl Gg5][%cal Rc2h7][%mdl 512] and the rest is easy.} Nhf6 (17... hxg5 18. Nxg5) 18. Nxf7 $1 {[%mdl 512]} Kxf7 19. Qc4+ Nd5 20. Ng5+ $1 {[%mdl 512]} hxg5 21. Bxd5+ Bxd5 22. Qxd5+ {[%mdl 64] Double Attack} Kg6 23. Rxe8 Qxe8 24. Re1 (24. Qxg5+ Kh7 $15)) 17... Nxc5 $16 18. Nxc5 Bxc5 19. b4 (19. Rxe8+ $16 Qxe8 20. Ng5 hxg5 21. Bxb7) 19... Rxe1+ $14 20. Rxe1 Be7 21. Ng5 $40 {[%mdl 128] Black needs to defend precisely.} Bxg5 22. Bxg5 Qxg5 (22... Qb8 $11 23. Bd8 Qxd8 24. Bxb7 Rb8) 23. Bxb7 $16 Rf8 {[#]} 24. Bf3 $1 Nf6 25. Qc7 Qf5 26. Kg2 h5 27. h3 Rc8 28. Qxa7 Rc3 29. Qa8+ Kh7 30. a4 Ra3 (30... h4 $142) 31. b5 h4 32. Be4 (32. g4 {looks sharper.} Qf4 33. Qb7 Ra2 34. Re2 Ra1 35. Qc6) 32... Nxe4 33. Qxe4 Qxe4+ 34. Rxe4 hxg3 35. fxg3 {[%mdl 4096] Endgame KR-KR} f5 36. Rc4 g5 37. Rc7+ Kg6 38. Rc6+ Kg7 39. Rc7+ ({White should play} 39. Rxb6 $16 {And now Ra6 would win.} Rxa4 40. Rc6) 39... Kg6 $11 40. Ra7 ({Much less strong is} 40. Rc6+ Kf7 $16) 40... f4 41. gxf4 gxf4 42. Ra6 {Strongly threatening a5.} Kf5 43. Rxb6 {Threatens to win with Rb8.} Rxa4 44. Rb8 {b6 is the strong threat.} Ra2+ 45. Kf3 Ra3+ 46. Ke2 Rb3 47. b6 {Hoping for b7.} Kg6 48. b7 Kg7 49. Kf2 Kh7 50. h4 Kg7 51. h5 Kh7 {[#]} 52. h6 $1 {[%mdl 512]} f3 (52... Kxh6 53. Rh8+) 53. Kg3 (53. Ke1 $11 Rb4 54. Kf2) 53... f2+ $16 {[%mdl 64] Decoy} 54. Kxf2 Rb2+ {[#]} 55. Ke1 $1 {Accuracy: White = 34%, Black = 65%.} 1/2-1/2

[Event "ISR-chT 2019"]
[Site "Israel"]
[Date "2019.02.08"]
[Round "3.29"]
[White "Mesropov, Konstantin"]
[Black "Haimovich, Tal"]
[Result "0-1"]
[WhiteElo "2431"]
[BlackElo "2408"]
[Annotator "TA"]
[PlyCount "136"]
[EventDate "2019.01.04"]
[EventType "team-tourn"]
[EventCountry "ISR"]
[SourceTitle "playchess.com"]
[Source "ChessBase"]
[SourceQuality "1"]

{[%evp 9,136,26,30,26,33,21,27,13,17,8,0,0,17,13,12,-4,8,14,15,6,15,14,5,0,-7,-231,-97,-85,-101,-89,-86,-91,-95,-100,-101,-96,-46,-45,-35,-30,-22,-24,-7,-72,-79,-72,-66,-118,-118,-230,-166,-233,-197,-310,-299,-304,-301,-287,-287,-333,-294,-308,-303,-353,-370,-354,-413,-423,-451,-441,-426,-604,-441,-604,-596,-603,-585,-583,-466,-489,-493,-492,-485,-481,-475,-391,-414,-473,-488,-275,-596,-625,-614,-624,-617,-617,-613,-563,-564,-533,-458,-658,-650,-1266,-1225,-29967,-29968,-29961,-463,-646,-467,-29966,-29968,-29969,-29969,-29971,-29972,-29971,-29973,-29972,-29974,-29974,-29974,-29974,-29973,-29972,-29974,-29968,-12782]} 1. d4 Nf6 2. Nf3 e6 3. Bf4 c5 4. e3 cxd4 5. exd4 b6 6. Bd3 {A46: 1 d4 Nf6 2 Nf3 e6: Torre, London and Colle Systems} Be7 (6... Bb7 7. h3 Be7 8. O-O d6 9. a4 a6 10. Bh2 O-O 11. Nbd2 Nbd7 12. Re1 Re8 13. Qe2 {0-1 (45) Maghsoodloo,P (2688)-Sjugirov,S (2663) St Petersburg 2018}) 7. O-O O-O 8. Nc3 {White has an edge.} Bb7 9. a3 d6 10. Re1 Re8 $146 ({Predecessor:} 10... a6 11. Qe2 Qc7 12. Rad1 Nbd7 13. Ng5 {0-1 (62) Moreira,J (2374)-Grosso,R (2405) Brazil CXEB 1999}) 11. Ng5 Nbd7 12. Qe2 Nf8 13. Bb5 N6d7 14. Qh5 g6 15. Qh6 a6 16. Bc4 {[%cal Re1e6]} Bf6 17. Nce4 $2 {[#]} (17. Rad1 $11 {and White is okay.}) 17... Bg7 (17... Bxe4 $1 $19 {is more deadly.} 18. Nxe4 Bg7) 18. Nxf7 $17 Bxh6 19. Nxd8 Bxf4 20. Nxb7 d5 21. Ned6 Bxd6 22. Nxd6 dxc4 23. Nxe8 Rxe8 24. d5 e5 25. Re4 $1 {[%cal Re4c4]} c3 $36 {[%mdl 2048] Black is more active.} 26. bxc3 (26. b4 $11) 26... Nc5 27. Rb4 Nfd7 {[%mdl 1024] Black has strong compensation.} 28. h4 (28. Rab1 $15) 28... Kf7 29. g3 (29. h5 $17) 29... Ke7 30. Kg2 (30. Re1 {was worth a try.}) 30... Kd6 31. Rd1 (31. h5 {was called for.}) 31... a5 $19 32. Rbb1 Na4 33. Rd3 Rc8 34. h5 g5 (34... Rxc3 35. Rxc3 Nxc3 36. hxg6 $19) ({Less strong is} 34... Nxc3 35. Rb3 $19) 35. Rf3 Nxc3 {[%mdl 64] [#] Double Attack} 36. Re1 {If White can now play Rf7 this consolidates a bit.} Nxd5 37. Rf7 N5f6 ({Weaker is} 37... Rxc2 38. Rxh7 N7f6 39. Rh8 $17) 38. Rg7 g4 39. Re2 Rc3 40. h6 (40. Rd2+ $142 Ke6 41. a4) 40... Ke6 41. Rd2 Rxa3 42. Rdxd7 Nxd7 43. Rxh7 {[%mdl 4096] Endgame KRN-KR} Rf3 44. Rg7 {And now h7 would win.} Rf8 45. Rxg4 Rh8 46. Rg6+ Kf5 47. Rd6 Rh7 48. Kf3 a4 {[%cal Ba5a4,Ba4a3][%mdl 32]} 49. g4+ Kg5 50. Kg3 a3 51. Rd3 a2 52. Ra3 Rxh6 53. Rxa2 Rc6 54. Ra7 Nf8 55. Rb7 (55. Kf3 $142) 55... Ne6 56. c4 Rxc4 57. Rxb6 Rxg4+ 58. Kf3 Nd4+ (58... Kf5 $142 59. Rb7 Rf4+ 60. Ke3 Re4+ 61. Kf3 Ng5+ 62. Kg2 Rg4+ 63. Kf1 Ra4 64. Kg2 Ne6 65. Rf7+ Kg4 66. f3+ Kg5 67. Re7 Kf6 68. Re8 Ra3 69. Rg8 Nd4 70. Rd8 Ra2+ 71. Kg3 Nf5+ 72. Kh3 Rf2 73. Re8 Rxf3+ 74. Kh2 Rf4 75. Rf8+ Ke7 76. Ra8 e4 77. Ra4 Rh4+ 78. Kg2 e3 79. Ra7+ Kf6 80. Kf3 Rh3+ 81. Kf4 Nd4 82. Ra1 Rh4+ 83. Kg3 Re4 84. Kg2 e2 85. Kf2 Nc2 86. Kf3 e1=Q 87. Rxe1 Rxe1 88. Kf4 Re3 89. Kg4 Ne1 90. Kf4 Ng2+ 91. Kg4 Rb3 92. Kh5 Rg3 93. Kh6 Rh3#) 59. Ke3 Kf5 60. Rb8 (60. Rb7 $19) 60... Re4+ {Black mates.} 61. Kd3 Ne6 62. f3 Nf4+ 63. Kd2 Re2+ 64. Kd1 Re3 65. Rf8+ Ke6 66. Re8+ Kf6 67. Rf8+ Ke7 68. Rf5 Ke6 {Accuracy: White = 37%, Black = 74%.} (68... Kd6 $142 69. Rf6+ Kd5 70. Ra6 Rxf3 71. Ra5+ Kd4 72. Ra4+ Ke3 73. Ra3+ Nd3 74. Kc2 e4 75. Kc3 Rf1 76. Kc4 Rc1+ 77. Kd5 Rc5+ 78. Kd6 Kd2 79. Ke7 e3 80. Ra2+ Rc2 81. Ra6 e2 82. Re6 Rc5 83. Rxe2+ Kxe2 84. Ke6 Kf3 85. Kd7 Rc1 86. Ke6 Ke4 87. Kf6 Rc6+ 88. Kf7 Ne5+ 89. Kf8 Kf5 90. Ke7 Kg6 91. Ke8 Kf6 92. Kd8 Ke6 93. Ke8 Rc8#) 0-1